[Event "SVK-chT3A2 1011"]
[Site "Slovakia"]
[Date "2011.02.27"]
[Round "9.6"]
[White "Feranec, Milan"]
[Black "Zisek, Jaroslav"]
[Result "0-1"]
[WhiteElo "1765"]
[BlackElo "1871"]
[PlyCount "104"]
[EventDate "2010.10.17"]
[EventType "team-tourn"]
[EventRounds "11"]
[EventCountry "SVK"]
[SourceTitle "EXT 2019"]
[Source "ChessBase"]
[SourceDate "2018.10.10"]
[SourceVersion "1"]
[SourceVersionDate "2018.10.10"]
[SourceQuality "1"]
[WhiteTeam "Vrbove"]
[BlackTeam "Senica SK"]
[WhiteTeamCountry "SVK"]
[BlackTeamCountry "SVK"]

1. Nf3 c5 2. b3 Nc6 3. Bb2 Nf6 4. c4 e6 5. e3 Be7 6. Be2 0-0 7. a3 d5 8. Qc2 Qd6 9. Nc3 a6 10. Rd1 d4 11. Ne4 Nxe4 12. Qxe4 f5 13. Qc2 e5 14. d3 Qg6 15. g3 b6 16. Kd2 Bb7 17. Kc1 Qe6 18. Kb1 Bf6 19. h4 Qe7 20. Rhg1 e4 21. Ne1 Rad8 22. Ng2 Ne5 23. exd4 exd3 24. Rxd3 Nxd3 25. Bxd3 Bxd4 26. Re1 Qd6 27. Bxd4 Qxd4 28. Nf4 Bc8 29. Nd5 Rfe8 30. Rd1 Qe5 31. f4 Qb8 32. g4 b5 33. Ka2 Be6 34. gxf5 Bxd5 35. f6 Be4 36. Bxe4 gxf6 37. Bd5+ Kh8 38. Qf2 Qc7 39. Rg1 Re7 40. Qg2 Rg7 41. Qxg7+ Qxg7 42. Rxg7 Kxg7 43. f5 Rxd5 44. cxd5 Kf7 45. Kb2 Ke7 46. Kc3 Kd6 47. a4 Kxd5 48. axb5 axb5 49. Kd3 Ke5 50. Kc3 Kxf5 51. b4 cxb4+ 52. Kxb4 Ke4 0-1

[Event "SVK-chT3A2 1011"]
[Site "Slovakia"]
[Date "2010.10.17"]
[Round "1.8"]
[White "Zisek, Jaroslav"]
[Black "Vlkovic, Pavol"]
[Result "0-1"]
[WhiteElo "1871"]
[BlackElo "1840"]
[PlyCount "28"]
[EventDate "2010.10.17"]
[EventType "team-tourn"]
[EventRounds "11"]
[EventCountry "SVK"]
[SourceTitle "EXT 2012"]
[Source "ChessBase"]
[SourceDate "2011.11.24"]
[SourceVersion "1"]
[SourceVersionDate "2011.11.24"]
[SourceQuality "1"]
[WhiteTeam "Senica SK"]
[BlackTeam "Cífer"]
[WhiteTeamCountry "SVK"]
[BlackTeamCountry "SVK"]

1. c4 Nf6 2. Nc3 d6 3. g3 g6 4. Bg2 Bg7 5. e4 0-0 6. Nge2 c5 7. 0-0 Nc6 8. d3 Bd7 9. h3 a6 10. Be3 Rb8 11. d4 cxd4 12. Nxd4 Qc8 13. Kh2 Nxd4 14. Qxd4 Ng4+ 0-1

[Event "SVK-chT3A2 0910"]
[Site "Slovakia"]
[Date "2010.03.28"]
[Round "11.6"]
[White "Zisek, Jaroslav"]
[Black "Kahancova, Jana"]
[Result "1-0"]
[WhiteElo "1890"]
[BlackElo "1575"]
[PlyCount "51"]
[EventDate "2009.10.18"]
[EventType "team-tourn"]
[EventRounds "11"]
[EventCountry "SVK"]
[SourceTitle "EXT 2011"]
[Source "ChessBase"]
[SourceDate "2010.11.26"]
[SourceVersion "1"]
[SourceVersionDate "2010.11.26"]
[SourceQuality "1"]
[WhiteTeam "Senica"]
[BlackTeam "Dunajska Streda SK III"]
[WhiteTeamCountry "SVK"]
[BlackTeamCountry "SVK"]

1. c4 e5 2. Nc3 Nf6 3. d3 c6 4. Nf3 d6 5. e3 Be7 6. Be2 0-0 7. 0-0 Re8 8. Qc2 Nbd7 9. b3 Nf8 10. d4 exd4 11. Nxd4 Ng6 12. Bb2 d5 13. Rad1 Bd7 14. Nf5 dxc4 15. Bxc4 Qc7 16. Be2 Rad8 17. Nxe7+ Nxe7 18. Nb5 Qb8 19. Nd6 Rf8 20. Be5 Qa8 21. Qb2 Ned5 22. e4 Ne7 23. Bxf6 gxf6 24. Qxf6 Ng6 25. Bc4 Be8 26. Nf5 1-0

[Event "SVK-chT3A2 0910"]
[Site "Slovakia"]
[Date "2009.10.24"]
[Round "2.4"]
[White "Zisek, Jaroslav"]
[Black "Liptak, Dusan"]
[Result "0-1"]
[WhiteElo "1890"]
[BlackElo "1916"]
[PlyCount "58"]
[EventDate "2009.10.18"]
[EventType "team-tourn"]
[EventRounds "11"]
[EventCountry "SVK"]
[SourceTitle "EXT 2011"]
[Source "ChessBase"]
[SourceDate "2010.11.26"]
[SourceVersion "1"]
[SourceVersionDate "2010.11.26"]
[SourceQuality "1"]
[WhiteTeam "Senica"]
[BlackTeam "Cifer"]
[WhiteTeamCountry "SVK"]
[BlackTeamCountry "SVK"]

1. c4 g6 2. Nc3 e5 3. g3 Bg7 4. Bg2 Nc6 5. e4 d6 6. d3 Nge7 7. Nge2 0-0 8. 0-0 Bg4 9. f3 Be6 10. h3 Qd7 11. Kh2 f5 12. Be3 Nd4 13. f4 c6 14. Qd2 Rad8 15. Rad1 a6 16. a4 b5 17. axb5 axb5 18. cxb5 c5 19. b4 cxb4 20. Nd5 Bxd5 21. exd5 Nxe2 22. Qxe2 Qxb5 23. Qc2 Rc8 24. Qb1 b3 25. Rc1 Nxd5 26. Bd2 exf4 27. gxf4 Kh8 28. Bf3 Ra8 29. Rf2 b2 0-1

[Event "SVK-chT3A2 0607"]
[Site "Slovakia"]
[Date "2006.10.01"]
[Round "2"]
[White "Puobis, Jozef"]
[Black "Zisek, Jaroslav"]
[Result "1/2-1/2"]
[WhiteElo "2043"]
[BlackElo "1946"]
[PlyCount "119"]
[EventDate "2006.10.08"]
[EventType "team-tourn"]
[EventRounds "11"]
[EventCountry "SVK"]
[SourceTitle "EXT 2008"]
[Source "ChessBase"]
[SourceDate "2007.11.25"]
[SourceVersion "1"]
[SourceVersionDate "2007.11.25"]
[SourceQuality "1"]
[WhiteTeam "Gabcikovo"]
[BlackTeam "Senica II"]
[WhiteTeamCountry "SVK"]
[BlackTeamCountry "SVK"]

1. e4 c5 2. d4 cxd4 3. Qxd4 Nc6 4. Qd3 Nf6 5. Nc3 e6 6. Bg5 Be7 7. Nf3 Qa5 8. Qd2 a6 9. Bd3 d6 10. 0-0 Qc7 11. Rfe1 b5 12. a3 Bb7 13. Qf4 h6 14. Bxf6 Bxf6 15. Qg3 0-0 16. Re3 Ne5 17. Nxe5 Bxe5 18. Qh4 Rad8 19. Kh1 Qc5 20. Rh3 Bf6 21. Qg4 Qg5 22. Qe2 Be5 23. Rf1 Qe7 24. f4 Bxc3 25. bxc3 e5 26. c4 bxc4 27. Bxc4 Bc8 28. Rg3 a5 29. Qh5 Kh7 30. Bd5 Qe8 31. fxe5 dxe5 32. c4 f6 33. Qe2 Qe7 34. Rb3 Qc7 35. Qe3 Ba6 36. Qb6 Qxb6 37. Rxb6 Bc8 38. h3 Bd7 39. c5 Rb8 40. Rfb1 Rxb6 41. Rxb6 Rc8 42. c6 Be8 43. g3 Kg6 44. Kg2 Kg5 45. h4+ Kh5 46. Kf3 g5 47. g4+ Kg6 48. h5+ Kg7 49. Kg3 Kf8 50. Kf3 Ke7 51. Rb7+ Kd6 52. Rh7 Bxc6 53. Bxc6 Rxc6 54. Rxh6 Ke6 55. Rh7 Rc3+ 56. Kf2 Rxa3 57. Ra7 a4 58. h6 Ra2+ 59. Kg3 Ra3+ 60. Kg2 1/2-1/2

[Event "SVK-chT1W 0203"]
[Site "Slovakia"]
[Date "2003.02.09"]
[Round "9.8"]
[White "Sabolik, Frantisek"]
[Black "Zisek, Jaroslav"]
[Result "1-0"]
[WhiteElo "2129"]
[BlackElo "1732"]
[PlyCount "81"]
[EventDate "2002.10.12"]
[EventType "team-tourn"]
[EventRounds "11"]
[EventCountry "SVK"]
[SourceTitle "EXT 2005"]
[Source "ChessBase"]
[SourceDate "2004.11.15"]
[SourceVersion "1"]
[SourceVersionDate "2004.11.15"]
[SourceQuality "1"]
[WhiteTeam "Bratislava Doprastav"]
[BlackTeam "Senica"]
[WhiteTeamCountry "SVK"]
[BlackTeamCountry "SVK"]

1. d4 Nf6 2. c4 g6 3. Nc3 Bg7 4. e4 d6 5. Bg5 0-0 6. Qd2 Nbd7 7. f3 c5 8. d5 Re8 9. Bh6 Bh8 10. h3 a6 11. g4 Qa5 12. Be3 Rb8 13. a4 Rd8 14. Ra3 Qb4 15. Qc2 Ne8 16. Bd2 Qb6 17. f4 Nef6 18. Nf3 Qc7 19. Bd3 Nf8 20. Ne2 e6 21. dxe6 fxe6 22. f5 exf5 23. gxf5 gxf5 24. Rg1+ Kf7 25. e5 dxe5 26. Nxe5+ Ke8 27. Bxf5 Bxf5 28. Qxf5 Qc8 29. Qf3 Rd6 30. Re3 Re6 31. Nf4 Re7 32. Nh5 N8d7 33. Bc3 Re6 34. Rg8+ Nxg8 35. Qf7+ Kd8 36. Qxe6 Nxe5 37. Qxg8+ Kc7 38. Qxh7+ Nd7 39. Nf6 Bxf6 40. Bxf6 Kc6 41. Re6+ 1-0

[Event "SVK-chT1W 0203"]
[Site "Slovakia"]
[Date "2003.02.08"]
[Round "8.8"]
[White "Zisek, Jaroslav"]
[Black "Bilka, Vladimir"]
[Result "1/2-1/2"]
[WhiteElo "1732"]
[BlackElo "1350"]
[PlyCount "31"]
[EventDate "2002.10.12"]
[EventType "team-tourn"]
[EventRounds "11"]
[EventCountry "SVK"]
[SourceTitle "EXT 2005"]
[Source "ChessBase"]
[SourceDate "2004.11.15"]
[SourceVersion "1"]
[SourceVersionDate "2004.11.15"]
[SourceQuality "1"]
[WhiteTeam "Senica"]
[BlackTeam "Bratislava DP "]
[WhiteTeamCountry "SVK"]
[BlackTeamCountry "SVK"]

1. c4 e5 2. Nc3 Nf6 3. e4 d6 4. g3 Be7 5. Bg2 Nc6 6. Nge2 0-0 7. 0-0 a5 8. d3 Be6 9. f4 Bg4 10. h3 Bxe2 11. Qxe2 Nd4 12. Qf2 Nd7 13. Be3 c5 14. fxe5 dxe5 15. Nd5 Nb6 16. Qd2 1/2-1/2

[Event "SVK-chT2W 9900"]
[Site "Slovakia"]
[Date "1999.??.??"]
[Round "7.8"]
[White "Zisek, Jaroslav"]
[Black "Hagara, Vladimir"]
[Result "1/2-1/2"]
[WhiteElo "1598"]
[BlackElo "1984"]
[PlyCount "81"]
[EventDate "1999.11.06"]
[EventType "team"]
[EventRounds "9"]
[EventCountry "SVK"]
[SourceTitle "EXT 2005"]
[Source "ChessBase"]
[SourceDate "2004.11.15"]
[SourceVersion "1"]
[SourceVersionDate "2004.11.15"]
[SourceQuality "1"]

1. c4 Nf6 2. Nc3 d5 3. d4 g6 4. Nf3 Bg7 5. e3 0-0 6. Qb3 e6 7. Bd3 b6 8. cxd5 exd5 9. 0-0 Bb7 10. Qc2 Nbd7 11. b3 Rc8 12. Ba3 Re8 13. Rac1 a6 14. Bb2 Ne4 15. Qe2 Nxc3 16. Bxc3 Nb8 17. Bb2 c5 18. Rc2 cxd4 19. Rxc8 Qxc8 20. Nxd4 Qd7 21. Rc1 Rc8 22. Rxc8+ Qxc8 23. Qd2 Nc6 24. Nxc6 Qxc6 25. Bxg7 Kxg7 26. Qc2 a5 27. Qxc6 Bxc6 28. Kf1 Kf6 29. g3 h6 30. Ke2 Ke6 31. Kd2 Kd6 32. Be2 Kc5 33. Kc3 b5 34. a3 b4+ 35. axb4+ axb4+ 36. Kd3 f6 37. Bf3 Bb5+ 38. Kd2 d4 39. Be4 g5 40. Bd3 Bc6 41. Bc4 1/2-1/2